| 000 | 00798nam a22002657a 4500 | ||
|---|---|---|---|
| 001 | 28115 | ||
| 003 | BD-RjUL | ||
| 005 | 20211209051235.0 | ||
| 008 | 140329r19511937enk 001 0 eng | ||
| 035 | _a(BD-RjUL)28196 | ||
| 040 |
_aDLC _cDLC _beng _dBD-RjUL |
||
| 041 | _aeng | ||
| 082 | 0 | 4 |
_219 _a141 _bRAI 1951 |
| 100 | 1 |
_aRadhakrishnan, S. _q(Sarvepalli), _d1888-1975. _94068 |
|
| 245 | 1 | 3 |
_aAn idealist view of life : _bbeing the Hibbert lectures for 1929 / _cS. Radhakrishnan. |
| 250 | _a2nd rev. ed. | ||
| 260 |
_aLondon : _bGeorge Allen & Unwin, _c1937 [Impression 1951]. |
||
| 300 |
_a352 p. ; _c21 cm. |
||
| 504 | _aIncludes index. | ||
| 650 | 0 |
_aIdealism. _9274 |
|
| 650 | 0 |
_aPhilosophy and religion. _92766 |
|
| 830 | 0 |
_vitem 07436. _986196 |
|
| 942 |
_2ddc _cBK |
||
| 999 |
_c28115 _d28115 |
||